| Tag |
First Indicator |
Second Indicator |
Subfields |
| LEADER |
00000cam a2200000 a 4500 |
| 001 |
in00002056713 |
| 005 |
20151101063041.0 |
| 008 |
900301s1989 caua b 000 0 eng |
| 010 |
|
|
|a 89061072
|
| 020 |
|
|
|a 0940116154
|
| 035 |
|
|
|a (OCoLC)ocm21232176
|
| 040 |
|
|
|a DLC
|c DLC
|d TXA
|d UtOrBLW
|
| 049 |
|
|
|a TXAM
|
| 050 |
0 |
0 |
|a TH2251.5
|b .A47 1989
|
| 082 |
0 |
0 |
|a 693/.1
|2 20
|
| 090 |
|
|
|a TN967
|b .A47 1989
|
| 100 |
1 |
|
|a Amrhein, James E.
|
| 245 |
1 |
0 |
|a Marble and stone slab veneer /
|c James E. Amrhein, Michael W. Merrigan.
|
| 250 |
|
|
|a 2nd ed.
|
| 264 |
|
1 |
|a Los Angeles, CA :
|b Masonry Institute of America,
|c [1989]
|
| 264 |
|
4 |
|c ©1989
|
| 300 |
|
|
|a vi, 138 pages :
|b illustrations ;
|c 28 cm.
|
| 336 |
|
|
|a text
|b txt
|2 rdacontent
|
| 337 |
|
|
|a unmediated
|b n
|2 rdamedia
|
| 338 |
|
|
|a volume
|b nc
|2 rdacarrier
|
| 504 |
|
|
|a Includes bibliographical references.
|
| 650 |
|
0 |
|a Stone veneers.
|
| 650 |
|
0 |
|a Marble veneers.
|
| 700 |
1 |
|
|a Merrigan, Michael W.
|
| 710 |
2 |
|
|a Masonry Institute of America.
|
| 994 |
|
|
|a E0
|b TXA
|
| 948 |
|
|
|a cataloged
|b h
|c 2005/5/3
|d c
|e jlanham
|f 2:46:50 pm
|
| 999 |
|
|
|a MARS
|
| 999 |
f |
f |
|s f90a08ff-d2cf-3e82-b725-40c64eab6fbb
|i 8bb55a91-f47d-3186-91fc-cb873e9ab8a5
|t 0
|
| 952 |
f |
f |
|p ric
|a Texas A&M University
|b Rellis Campus
|c Joint Library Facility
|d Remote Storage
|t 0
|e TN967 .A47 1989
|h Library of Congress classification
|i unmediated -- volume
|m A14850222093
|
| 998 |
f |
f |
|a TN967 .A47 1989
|t 0
|l Remote Storage
|